000 00819nam a2200265 i 4500
001 000012683
003 DO-SdBNP
005 20240412074234.0
007 ta
008 091116s2005 dr 000 j spa d
040 _aDO-SdBNP
_bspa
_cBNPHU
_erda
082 4 _aRD863.44
_bM779a
_222
100 1 _aMontesino, Max U.
_929459
_eautor
245 1 1 _aAntes que nada... y depués de todo /
_cMax U. Montesino.
264 1 _aSanto Domingo :
_bEditora Tropical,
_c2005.
300 _a109 páginas ;
_c22 cm.
336 _2rdacontent
_atexto
_btxt
337 _2rdamedia
_asin mediación
_bn
338 _2rdacarrier
_avolumen
_bnc
590 _aInventariado, 2019/BT
650 0 _aCuentos dominicanos
_9176
650 0 _aLiteratura dominicana.
_967
910 _aValidado. Control de calidad MMOLINA
942 _2ddc
_cLBS1
999 _c12334
_d12334